|
|
|
|
| LEADER |
00000nab a2200000 a 4500 |
| 001 |
vtls009485361 |
| 003 |
SK-MaSNL |
| 005 |
20260323151710.0 |
| 008 |
250506c2008 xo mr|p||| |000 b|slo |
| 015 |
|
|
|a SNBRB2009/03
|
| 035 |
|
|
|a (uuid)081eb90c-7f91-441f-a05f-16b07c0bfe09
|
| 035 |
|
|
|a urn:nbn:sk:snk-ab9tfc
|
| 035 |
|
|
|a (urnnbn)urn:nbn:sk:snk:ar-a08ub2
|
| 038 |
|
|
|a SPK
|
| 040 |
|
|
|a SNKBUCL
|b slo
|c SNKBUCL
|e AACR2
|
| 041 |
0 |
|
|a slo
|b eng
|b slo
|
| 044 |
|
|
|a xo
|c SK
|
| 072 |
|
7 |
|a 37
|x Výchova a vzdelávanie
|2 konspekt
|
| 080 |
|
|
|a 65.018:37
|2 1997
|
| 080 |
|
|
|a 37
|2 1997
|
| 100 |
1 |
|
|a Pajtinka, Ľubomír,
|d 1955-
|4 ivr
|9 107309
|
| 245 |
1 |
0 |
|a Rozhovor s PhDr. Romanou Kanovskou, riaditeľkou Národného ústavu certifikovaných meraní vzdelávania
|c Ľubomír Pajtinka, Romana Kanovská
|
| 300 |
|
|
|b Fotogr.
|
| 650 |
0 |
7 |
|a kvalita vzdelania
|2 spk
|9 1040786
|
| 655 |
|
7 |
|a rozhovory
|2 snkbucl
|9 31831
|
| 700 |
1 |
|
|a Kanovská, Romana,
|d 1971-
|4 ive
|9 1635400
|
| 773 |
0 |
|
|t Technológia vzdelávania
|g Roč. XIV., č. 8 (2008), s. 1-4
|x 1335-003X
|
| 850 |
|
|
|a Slovenská národná knižnica
|
| 852 |
|
|
|a Slovenská národná knižnica
|
| 954 |
|
|
|a odborná, vedecká literatúra pôvodná (slovenská)
|2 lita
|
| 958 |
|
|
|a article13
|
| 958 |
|
|
|a OND
|
| 958 |
|
|
|a EUIPO
|
| 999 |
|
|
|c 2944690
|d 2946620
|